AS3 ile sunucu programlama ve PHP-MySQL entegrasyonu (Record no. 13776)

000 -LEADER
fixed length control field 01023nmm a2200289 a 4500
001 - CONTROL NUMBER
control field ocm0001256966
003 - CONTROL NUMBER IDENTIFIER
control field TR-IsHL
005 - DATE AND TIME OF LATEST TRANSACTION
control field 20201028160757.0
008 - FIXED-LENGTH DATA ELEMENTS--GENERAL INFORMATION
fixed length control field 160715s2010 tu tur
007 - PHYSICAL DESCRIPTION FIXED FIELD--GENERAL INFORMATION
fixed length control field cr cn
020 ## - INTERNATIONAL STANDARD BOOK NUMBER
International Standard Book Number 9786054205233
035 ## - SYSTEM CONTROL NUMBER
System control number 1256966
-- (N$T)
050 04 - LIBRARY OF CONGRESS CALL NUMBER
Classification number TR897.7
Item number Y66 2010
090 04 - LOCALLY ASSIGNED LC-TYPE CALL NUMBER (OCLC); LOCAL CALL NUMBER (RLIN)
Classification number (OCLC) (R) ; Classification number, CALL (RLIN) (NR) TR897.7
Local cutter number (OCLC) ; Book number/undivided call number, CALL (RLIN) Y66 2010
100 1# - MAIN ENTRY--PERSONAL NAME
Personal name Yöyen, Engin
245 10 - TITLE STATEMENT
Title AS3 ile sunucu programlama ve PHP-MySQL entegrasyonu
Medium [electronic resource] /
Statement of responsibility, etc. Engin Yöyen
260 ## - PUBLICATION, DISTRIBUTION, ETC.
Place of publication, distribution, etc. İstanbul :
Name of publisher, distributor, etc. Kodlab Yayınevi,
Date of publication, distribution, etc. 2010
300 ## - PHYSICAL DESCRIPTION
Extent 255 p.
650 #4 - SUBJECT ADDED ENTRY--TOPICAL TERM
Topical term or geographic name entry element Bilgisayar
650 #4 - SUBJECT ADDED ENTRY--TOPICAL TERM
Topical term or geographic name entry element Computer Sciences
650 #0 - SUBJECT ADDED ENTRY--TOPICAL TERM
Topical term or geographic name entry element ActionScript (Bilgisayar program dili)
650 #0 - SUBJECT ADDED ENTRY--TOPICAL TERM
Topical term or geographic name entry element ActionScript (Computer program language)
650 #0 - SUBJECT ADDED ENTRY--TOPICAL TERM
Topical term or geographic name entry element PHP (Bilgisayar program dili)
650 #0 - SUBJECT ADDED ENTRY--TOPICAL TERM
Topical term or geographic name entry element PHP (Computer program language)
650 #7 - SUBJECT ADDED ENTRY--TOPICAL TERM
Topical term or geographic name entry element COMPUTERS / Software Development & Engineering / Systems Analysis & Design
Source of heading or term bisacsh
856 40 - ELECTRONIC LOCATION AND ACCESS
Uniform Resource Identifier <a href="http://search.ebscohost.com/login.aspx?direct=true&scope=site&db=e011xww&AN=1256966">http://search.ebscohost.com/login.aspx?direct=true&scope=site&db=e011xww&AN=1256966</a>
Holdings
Withdrawn status Lost status Source of classification or shelving scheme Damaged status Not for loan Collection code Permanent Location Current Location Date acquired Total Checkouts Full call number Barcode Date last seen Price effective from Koha item type
        Online   Kıbrıs Amerikan Üniversitesi Kütüphanesi / American University of Cyprus Kıbrıs Amerikan Üniversitesi Kütüphanesi / American University of Cyprus 28.10.2020   TR897.7 Y66 2010 1256966 28.10.2020 28.10.2020 E-Kitap
Devinim Yazılım Eğitim Danışmanlık tarafından Koha'nın orjinal sürümü uyarlanarak geliştirilip kurulmuştur.